Staré pověsti české /
Klasická kniha české literatury je mistrovským převyprávěním díla lidové fantazie a tvořivosti, kde anonymní autoři zachytili zajímavé úseky dávných českých dějin.
Uloženo v:
| Hlavní autor: | |
|---|---|
| Další autoři: | |
| Médium: | E-kniha |
| Jazyk: | Czech |
| Vydáno: |
Praha :
Plot,
2024
|
| Témata: | |
| Tagy: |
Žádné tagy |
| LEADER | 02289nam a2200433 i 4500 | ||
|---|---|---|---|
| 001 | 312757 | ||
| 003 | CZ PrSKC | ||
| 005 | 20260601215728.0 | ||
| 007 | ta | ||
| 008 | 240930s2024 xr a g 000 j cze | ||
| 015 | |a cnb003633966 | ||
| 020 | |a 9788074284700 |q (vázáno) | ||
| 035 | |a (OCoLC)1505965644 | ||
| 040 | |a ABG001 |b cze |d BOA001 |d OLA001 |e rda | ||
| 043 | |a e-xr--- | ||
| 072 | 7 | |a 821.162.3-3 |x Česká próza |2 Konspekt | |
| 080 | |a 821.162.3-34 |2 MRF | ||
| 080 | |a 94(437.3) |2 MRF | ||
| 080 | |a (437.3) |2 MRF | ||
| 080 | |a (0:82-34) |2 MRF | ||
| 100 | 1 | |a Jirásek, Alois, |d 1851-1930 |7 jk01051816 |4 aut | |
| 245 | 1 | 0 | |a Staré pověsti české / |c Alois Jirásek ; ilustrace Věnceslava Černého |
| 264 | 1 | |a Praha : |b Plot, |c 2024 | |
| 300 | |a 303 stran : |b barevné ilustrace ; |c 25 cm | ||
| 336 | |a text |b txt |2 rdacontent | ||
| 337 | |a bez média |b n |2 rdamedia | ||
| 338 | |a svazek |b nc |2 rdacarrier | ||
| 500 | |a Terminologický slovník | ||
| 520 | 2 | |a Klasická kniha české literatury je mistrovským převyprávěním díla lidové fantazie a tvořivosti, kde anonymní autoři zachytili zajímavé úseky dávných českých dějin. |b Prostým, ale básnicky účinným jazykem vypravuje autor staré zkazky o samých počátcích života na našem území, jak je zachovala buď lidová ústní tradice, nebo později staří kronikáři. Kniha však také zaznamenává pověsti z doby pozdější, jimiž si lid opředl dobu počátků a rozmachu křesťanství u nás, a které vznikaly především jako výraz životní zkušenosti a tužeb prostého člověka. Vysvětlivky a slovníček pojmů. | |
| 651 | 7 | |a Česko |7 ge128065 |x dějiny |2 czenas | |
| 651 | 9 | |a Czechia |x history |2 eczenas | |
| 655 | 7 | |a české pověsti |7 fd201456 |2 czenas | |
| 655 | 9 | |a Czech legends |2 eczenas | |
| 700 | 1 | |a Černý, Věnceslav, |d 1865-1936 |7 jk01021645 |4 ill | |
| 900 | |a ABA001 |b 19 | ||
| 044 | |a xr | ||
| 910 | |a RBIT002 | ||
| 998 | |d 421135 |a https://core.palmknihy.cz/api/books/421135/cover?syeqg8 |b https://core.palmknihy.cz/api/books/421135/cover/400?syeqg8 |c https://core.palmknihy.cz/api/books/421135/cover/50?syeqg8 |e 2054-09-25 |g 304 |i 9788074284700 |j https://core.palmknihy.cz/api/books/421135/preview.epub |l |q 49 |r 1 |s https://www.palmknihy.cz/kniha/421135 |t ebook |y 2024 |z 0 | ||
| 999 | |d 312755 | ||